Heilpraktiker Allgemein Zahlen - Statistiken

Allgemein
  • Dieses Quiz wurde 15 mal gespielt
  • Das Durchschnittsergebnis liegt bei 8 aus 15
Antwortstatistiken
Frage Antwort % Korrekt
Wie hoch ist der normale Blutdruckwert beim Erwachsenen (Ruhe)? 120/80 mmHg
93%
Wie hoch ist der normale Ruhepuls eines Erwachsenen? 60–80/min
80%
Wie viele Halswirbel hat der Mensch? 7
73%
Wie viele Chromosomenpaare hat der Mensch? 23
67%
Wie viele Milchzähne hat ein Kind? 20
60%
Wie viele Liter Blut hat ein Erwachsener ungefähr? 4–6
60%
Wie viele Rippenpaare hat der Mensch normalerweise? 12
53%
Wie viele Gehirnnervenpaare gibt es? 12
47%
Wie viele Herzklappen besitzt das menschliche Herz? 4
47%
Bei welcher Körpertemperatur spricht man definitionsgemäß von Fieber? ab 38,0 °C
47%
Wie viele Muskeln besitzt der menschliche Körper ungefähr? 600
40%
Wie viele großen Herzkranzarterien gibt es? 2
33%
Wie hoch ist der normale pH-Wert des Blutes? 7,35–7,45
27%
Wie viele Lendenwirbel hat der Mensch normalerweise? 5
20%
Wie viele Lungenlappen besitzt der Mensch insgesamt? 5
7%
Keine übereinstimmenden Quizze gefunden
Verteilung der Resultate
Anzahl Personen mit jedem Resultat
Perzentil nach korrekt beantworteten Fragen
Ihre Resultats-Entwicklung
Sie haben dieses Quiz noch nicht gespielt